Children and adolescent literature / (Record no. 20)

MARC details
000 -LEADER
fixed length control field 00790nam a22002297a 4500
003 - CONTROL NUMBER IDENTIFIER
control field OSt
005 - DATE AND TIME OF LATEST TRANSACTION
control field 20230605033920.0
008 - FIXED-LENGTH DATA ELEMENTS--GENERAL INFORMATION
fixed length control field 230605b |||||||| |||| 00| 0 eng d
040 ## - CATALOGING SOURCE
Original cataloging agency Divine Word College Library
Transcribing agency OC
082 ## - DEWEY DECIMAL CLASSIFICATION NUMBER
Classification number 372.64
Item number 2
100 ## - MAIN ENTRY--PERSONAL NAME
Personal name Gonzales, Jennifer B.
9 (RLIN) 13
245 ## - TITLE STATEMENT
Title Children and adolescent literature /
Statement of responsibility, etc. Jennifer B. Gonzales
260 ## - PUBLICATION, DISTRIBUTION, ETC.
Place of publication, distribution, etc. Quezon City, Philippines:
Name of publisher, distributor, etc. Lorimar Publishing inc.
Date of publication, distribution, etc. 2022
300 ## - PHYSICAL DESCRIPTION
Extent xiv, 130 pages:
Other physical details illustrations;
Dimensions 26cm.
504 ## - BIBLIOGRAPHY, ETC. NOTE
Bibliography, etc. note includes bibliographical references
600 #0 - SUBJECT ADDED ENTRY--PERSONAL NAME
Personal name Baclayon, Joshlen C.
9 (RLIN) 27
600 #0 - SUBJECT ADDED ENTRY--PERSONAL NAME
Personal name Bustamante, Jeson A.
9 (RLIN) 28
650 #0 - SUBJECT ADDED ENTRY--TOPICAL TERM
Topical term or geographic name entry element Adolescent literature-- study and teaching
9 (RLIN) 22
650 #0 - SUBJECT ADDED ENTRY--TOPICAL TERM
Topical term or geographic name entry element children's literature-- study and teaching
9 (RLIN) 25
942 ## - ADDED ENTRY ELEMENTS (KOHA)
Source of classification or shelving scheme Dewey Decimal Classification
Koha item type Book-Filipiniana
Suppress in OPAC No
Holdings
Withdrawn status Lost status Source of classification or shelving scheme Materials specified (bound volume or other part) Damaged status Not for loan Home library Current library Date acquired Source of acquisition Total Checkouts Full call number Barcode Date last seen Date last checked out Cost, replacement price Price effective from Koha item type
    Dewey Decimal Classification DDC     College Library College Library 02/20/2023 School Fund 1 DWC 372.64 G643c 2022 53610 06/05/2023 06/05/2023 325.00 02/20/2023 BK - FIL